High density fish culture in low volume cages

This manual is primarilly intended for use by extension specialists, technicians and others concerned with production of warmwater fish in cages suspended in reservoirs, lakes and ponds.

Đã lưu trong:
書目詳細資料
主要作者: Schmittou, H. R.
格式: 圖書
語言:Undetermined
出版: Thailand American soybean association 1993
主題:
標簽: 添加標簽
沒有標簽, 成為第一個標記此記錄!
Thư viện lưu trữ: Trung tâm Học liệu Trường Đại học Cần Thơ
LEADER 00737nam a2200193Ia 4500
001 CTU_150580
008 210402s9999 xx 000 0 und d
082 |a 639.31 
082 |b S355 
100 |a Schmittou, H. R. 
245 0 |a High density fish culture in low volume cages 
245 0 |c H. R. Schmittou 
260 |a Thailand 
260 |b American soybean association 
260 |c 1993 
520 |a This manual is primarilly intended for use by extension specialists, technicians and others concerned with production of warmwater fish in cages suspended in reservoirs, lakes and ponds. 
650 |a Freshwater fishes,Cá nước ngọt 
904 |i Trọng Hải 
980 |a Trung tâm Học liệu Trường Đại học Cần Thơ